| 000 | 01215cam a22002295a 4500 | ||
|---|---|---|---|
| 001 | ##E135563 | ||
| 008 | 061108s2006 xxk 001 0 eng d | ||
| 020 | _a1852524502 | ||
| 035 | _a(Sirsi) u135563 | ||
| 041 | 0 | _aeng | |
| 050 | 0 | 4 | _a692.21 $1 8 |
| 100 | 1 | _aPaterson, Tony | |
| 245 | 0 | 4 | _aThe fire safety assessor's handbook |
| 260 |
_aCirencester _bManagement Books 2000 Ltd _c2006 |
||
| 300 |
_a293p. _bill. _c21cm. |
||
| 350 | _a20 | ||
| 520 | _aA complete guide to fire prevention, containment and safety which incorporates all the changes resulting from the Regulatory Reform (Fire Safety) Order of 2005. Aimed at anyone appointed as a Fire Safety Assessor or as a 'responsible person' under the Order offering essential information for a lay person to understand. Main topics covered are: the science of fire, structural fire protection, means of escaping, fire engineering systems, fire alarms and detection systems, legislation and regulations, fire investigation, fire safety policy, staff fire training and fire safety audit and risk assessment. | ||
| 590 | _aIKA300107 | ||
| 651 | 4 |
_aUnited Kingdom _y |
|
| 690 | _aMANAGEMENT-HEALTH AND SAFETY-FIRE SAFETY-FIRE RISK ASSESSMENT | ||
| 942 | _n0 | ||
| 999 |
_c106097 _d106097 |
||